| 000 | 00877nam a2200241 a 4500 | ||
|---|---|---|---|
| 001 | 000025046 | ||
| 005 | 20200930023529.0 | ||
| 008 | 110201s1980 sp 000 | spa d | ||
| 020 | _a8437600782 | ||
| 040 |
_aDO-SdBNP _bspa _cBNPHU |
||
| 082 |
_a868 _bI43l |
||
| 100 | 1 |
_aInfante de Castilla, Juan Manuel, _d1282-1347 _951385 |
|
| 245 | 1 | 0 |
_aLibro de los enxiemplos del Conde Lucanor e de Patronio / _cJuan Manuel Infante de Castilla ; edición Alfonso I. Sotelo. |
| 250 | _a6a ed. | ||
| 260 |
_aMadrid, (España) : _bCátedra, _c1980. |
||
| 300 |
_a354 p. ; _c18 cm. |
||
| 490 | 1 | _aLetras Hispánicas. | |
| 500 | _aIncluye referencias bibliográficas y notas al pie de páginas | ||
| 650 | 4 |
_aLiteratura española _xColecciones _94174 |
|
| 650 | 4 |
_aLiteratura española popular _951386 |
|
| 700 | 1 |
_aSotelo, Alfonso I., _eed. _948508 |
|
| 830 | 0 |
_aLetras Hispánicas. _94208 |
|
| 999 |
_c24539 _d24539 |
||